River Countries Quiz Stats

 Plays Quiz Updated Aug 22, 2012

Challenge
Share
Tweet
Embed
Score 0/55 Timer 05:00
4 Plays Today
% Correct
Egypt
95.7%
Germany
94.3%
Germany
94.3%
Niger
91.6%
China
91.4%
China
91.4%
India
89.5%
Nigeria
87.6%
Austria
87.3%
Austria
87.3%
France
86.3%
Iraq
84.4%
Sudan
83.1%
The Gambia
81.6%
Russia
81.6%
Vietnam
81.1%
Hungary
79.7%
Switzerland
79.5%
Laos
77.8%
Pakistan
76.9%
South Africa
76.4%
Brazil
76%
Cambodia
75.1%
Thailand
74.5%
Ukraine
73.7%
Ukraine
73.7%
Romania
73.1%
Turkey
71.9%
% Correct
Slovakia
71.1%
Argentina
69.9%
Netherlands
67.8%
Zimbabwe
67.3%
Syria
67%
Zambia
66.2%
Myanmar
65.5%
Paraguay
65.4%
Bulgaria
65%
Serbia
61.2%
Belarus
61.1%
Mali
61%
Namibia
59%
Namibia
59%
Botswana
57.6%
Senegal
57.5%
Croatia
57.4%
Lesotho
57%
South Sudan
56.2%
Angola
53.7%
Uganda
52.8%
Mozambique
52.7%
Liechtenstein
51.4%
Moldova
50.8%
Guinea
44.1%
Guinea
44.1%
Benin
39.4%

You're not logged in!

Compare scores with friends on all Sporcle quizzes.
Join for Free
OR
Log In

You Might Also Like...

Show Comments

Extras

Top Quizzes Today


Score Distribution

Your Account Isn't Verified!

In order to create a playlist on Sporcle, you need to verify the email address you used during registration. Go to your Sporcle Settings to finish the process.

Report this User

Report this user for behavior that violates our Community Guidelines.

Details: